|
|
|
|
| LEADER |
01507nam a2200313 a 4500 |
| 001 |
5585 |
| 003 |
BD-DhAAL |
| 008 |
091008s1994 bg b 000 0 eng d |
| 010 |
|
|
|a 95903592
|
| 040 |
|
|
|a DLC
|c DLC
|d DLC
|d BD-DhAAL
|
| 082 |
0 |
0 |
|a 362.8292095492
|
| 100 |
1 |
|
|a Jahan, Roushan.
|
| 245 |
1 |
0 |
|a Hidden danger :
|b women and family violence in Bangladesh /
|c Roushan Jahan.
|
| 260 |
|
|
|a Dhaka :
|b Women for Women,
|c 1994.
|
| 300 |
|
|
|a vii, 165 pages ;
|c 23 cm.
|
| 504 |
|
|
|a Includes bibliographical references (pages 151-154).
|
| 541 |
1 |
|
|e 5585
|
| 650 |
|
0 |
|a Women
|x Crimes against
|z Bangladesh.
|
| 650 |
|
0 |
|a Wife abuse
|z Bangladesh.
|9 1363
|
| 650 |
|
0 |
|a Family violence
|z Bangladesh.
|9 1364
|
| 650 |
|
0 |
|a Abused women
|z Bangladesh.
|9 1362
|
| 710 |
2 |
|
|a Women for Women (Organization : Bangladesh)
|
| 740 |
0 |
|
|a Women and family violence in Bangladesh.
|
| 852 |
4 |
|
|a Ayesha Abed Library
|c General Stacks
|
| 942 |
|
|
|2 ddc
|c BK
|
| 999 |
|
|
|c 4354
|d 4354
|
| 952 |
|
|
|0 0
|1 0
|2 ddc
|4 0
|6 362_829209549200000_JAH
|7 0
|9 4047
|a BRACUL
|b BRACUL
|c GEN
|d 2009-10-10
|g 125.00
|l 3
|m 16
|o 362.8292095492 JAH
|p 3010005585
|r 2022-09-06
|s 2022-06-08
|t 1
|w 2009-10-10
|y BK
|
| 952 |
|
|
|0 0
|1 0
|2 ddc
|4 0
|6 362_829209549200000_JAH
|7 0
|9 6614
|a BRACUL
|b BRACUL
|c GEN
|d 2009-12-30
|g 125.00
|l 0
|o 362.8292095492 JAH
|p 3010005427
|r 2018-08-30
|t 2
|w 2009-12-30
|y BK
|
| 952 |
|
|
|0 0
|1 0
|2 ddc
|4 0
|6 362_829209549200000_JAH
|7 0
|9 23715
|a BIGD
|b BIGD
|c GEN
|d 2013-11-21
|e Women for Women
|g 125.00
|l 0
|o 362.8292095492 JAH
|p 3050027771
|r 2014-04-15
|t 3
|w 2013-11-21
|y BK
|x Transferred from BDI to BIGD.
|